Top 10 Countries with the Most MLB Players - Statistics

General Stats
  • This quiz has been taken 31 times
  • The average score is 9 of 10
Answer Stats
Country Players (2025) % Correct
1 United States 1,081
100%
6 Canada 22
95%
8 Japan 13
95%
7 Mexico 15
95%
3 Venezuela 93
95%
4 Cuba 34
91%
2 Dominican Republic 144
82%
9 Colombia 8
73%
10 Panama 6
68%
5 Puerto Rico 27
64%
No matching quizzes found
Score Distribution
Percent of People with Each Score
Percentile by Number Answered
Your Score History
You have not taken this quiz